Statistics for Countries with Smallest Ratio of Coastline to Total Border

Click here to take the quiz!

General Stats

  • This quiz has been taken 144 times
  • The average score is 18 of 31

Answer Stats

CountryCoastline (km)Land Border (km)Ratio% Correct
Democratic Republic of the Congo3710,7300.003448276
86%
Bosnia and Herzegovina201,4590.013708019
82%
Republic of the Congo1695,5040.030704942
80%
Gambia807400.108108108
79%
Slovenia46.61,3340.034932534
74%
Togo561,6470.034001214
72%
Iraq583,6500.015890411
71%
Benin1211,9890.06083459
70%
Jordan261,6350.015902141
63%
Suriname3861,7070.226127709
62%
Cambodia4432,5720.172239502
61%
Pakistan1,0466,7740.154413936
61%
Guyana4592,4620.186433794
59%
Guinea3203,3990.094145337
58%
Kenya5363,4770.154155882
58%
Senegal5312,6400.201136364
57%
Belgium66.51,3850.04801444
56%
Lithuania901,2730.070699136
55%
Bulgaria3541,8080.19579646
54%
Cameroon4024,5910.087562623
54%
Romania2252,5080.089712919
54%
Sudan8536,7640.126108811
54%
Syria1932,2530.08566356
53%
Poland4402,7880.157819225
52%
Algeria9986,3430.157338799
50%
Bangladesh5804,2460.136599152
49%
Côte d'Ivoire5153,1100.165594855
49%
Georgia3101,4610.212183436
45%
Nigeria8535,6970.149727927
45%
Mauritania7545,0740.148600709
39%
Guatemala4001,6870.237107291
17%

Score Distribution

Percentile by Number Answered

Percent of People with Each Score

Your Score History

You have not taken this quiz